Countries by Historical Battle - Statistics

General Stats
  • This quiz has been taken 652 times
    587 since last reset
  • The average score is 18 of 32
Answer Stats
Battle Date Country % Correct
Battle of Waterloo 1815 Loser French Empire
98%
Battle of Waterloo 1815 Winner(s) United Kingdom / Prussia
96%
Battle of Stalingrad 1942-43 Winner Soviet Union
94%
Battle of Stalingrad 1942-43 Loser Nazi Germany
93%
Battle of Midway 1942 Loser Japanese Empire
86%
Battle of Midway 1942 Winner United States
85%
Battle of Trafalgar 1805 Loser(s) Spain / France
84%
Battle of Trafalgar 1805 Winner United Kingdom
84%
Battle of Marathon 490 B.C. Winner(s) Athens / Plataea
80%
Siege of Yorktown 1781 Loser Great Britain
79%
Siege of Yorktown 1781 Winner(s) United States / France
77%
Battle of the Alamo 1836 Winner Mexico
72%
Battle of El Alamein 1942 Loser Nazi Germany
70%
Battle of El Alamein 1942 Winner United Kingdom
69%
Battle of Marathon 490 B.C. Loser Achaemenid Empire
68%
Battle of the Alamo 1836 Loser Texas
67%
Battle of Vienna 1683 Loser Ottoman Empire
59%
Battle of Vienna 1683 Winner(s) Poland-Lithuania / Holy Roman Empire
59%
Battle of Ia Drang 1965 Winner North Vietnam
43%
Battle of Cannae 216 B.C. Loser Roman Republic
43%
Battle of Ia Drang 1965 Loser United States
43%
Battle of Cannae 216 B.C. Winner Carthaginian Empire
40%
Battle of Poltava 1709 Winner Russia
33%
Battle of Gaugamela 311 B.C. Loser Achaemenid Empire
30%
Battle of Tours 1429 Winner Franks
30%
Battle of Gaugamela 311 B.C. Winner Macedonia
30%
Battle of Poltava 1709 Loser Swedish Empire
24%
Battle of Yehuling 1211 Loser Jin China
22%
Battle of Tours 1429 Loser Umayyad Caliphate
21%
Battle of Yehuling 1211 Winner Mongolian Empire
16%
Battle of Diu 1509 Loser(s) Gujarat Sultanate / Mamluk Sultanate
14%
Battle of Diu 1509 Winner Portuguese Empire
14%
No matching quizzes found
Score Distribution
Percent of People with Each Score
Percentile by Number Answered
Your Score History
You have not taken this quiz since the last reset